| 000 | 00331cam a22001097a 4500 | ||
|---|---|---|---|
| 008 | 180718b1969 xxu||||| |||| 00| 0 eng d | ||
| 082 | _aG5 C737 | ||
| 100 | _aBelavadi, S.H. | ||
| 245 |
_aSelected lectures on Parliamentary practice of procedure _cby S.H. Belavadi |
||
| 260 |
_aBombay _bGovernment Central Press _c1969 |
||
| 300 | _a48+p | ||
| 999 |
_c490915 _d490915 |
||